000 00709nam a2200217Ia 4500
003 GCL
008 140319s9999 xx 000 0 ara d
020 _a9113283977
040 _aGCL /
_cGCL
082 0 4 _a121
_bع ن
100 1 _aعبدالغفار مكاوى
245 1 0 _aنداء الحقيقة :
_bمع ثلاثة نصوص عن الحقيقة لهيدجر /
_cعبدالغفار مكاوى
250 _aالاولى
260 _aالقاهرة :
_bدار شرف للطباعة والتجليد ،
_c2002
300 _a258 ص ؛
_c30 سم
490 _a
650 0 4 _aالافلاطونية
650 0 4 _aالحقيقة
650 0 4 _aافلاطون - الاخلاقيات
942 _2ddc
_cBK
999 _c55054
_d55054